000 02357cam a22005054i 4500
003 PE-LiUPU
005 20250731173140.0
008 150623s2002 xxua r 000 0 d
020 _a0825416655
035 _a(Sirsi) i9780825416651
040 _aPE-LiUPU
_bspa
_cPE-LiUPU
_erda
049 _aPRUA
082 0 4 _a262.1
_bS21
082 0 4 _a262.1
_bS21 2002
100 1 _aSanders, John Oswald,
_eautor.
245 1 0 _aSea un líder :
_baprenda a ser un líder dinámico y espiritual en su ministerio /
_cJohn Oswald Sanders.
264 1 _aGrand Rapids, Michigan :
_bPortavoz,
_c2002.
300 _a181 páginas ;
_c22 centímetros
336 _atext
_2rdacontent
337 _aunmediated
_2rdamedia
338 _avolume
_2rdacarrier
504 _aIncluye bibliografía.
505 0 _aUn hombre tal como nosotros -- La preparación de un pionero -- El retrato de un líder -- Una visión exaltada de Dios -- Gloriándose en la cruz -- El guerrero de oración -- Un comunicador de Dios -- El misionero precursor -- Las opiniones de un hombre comprometido -- Asuntos difíciles -- El papel de las mujeres -- Una filosofía de la debilidad -- La capacitación de otros líderes -- Esforzándose para llegar a la meta.
526 _aSEG42
526 _aSEG41
526 _aSEG40
526 _aSEG39
526 _aP94
526 _aP87
526 _aP86
526 _aP85
526 _aP77
526 _aP76
526 _aP35
541 _g0013452;
650 0 4 _aLiderazgo cristiano.
942 _2ddc
_cBOOK
949 _a262.1 S21
_wDEWEY
_c1
_i52603
_lCCODEBUL1
_mBUL
_p7.00
_r0
_sY
_tBOOK
_u2015-6-24
_xTEOLOGIA
_PP35
_0COMPRA
_o.STAFF. Colección General
949 _a262.1 S21 2002
_wDEWEY
_c1
_iFJ09244
_lCCODEBUJ1
_mBUJ
_p7.00
_r0
_sY
_tBOOK
_u2017-11-17
_xBIBLIOTECA
_zUNKOWN
_0COMPRA
_o.STAFF. Colección General Juliaca
994 _aC0
_bPEPRU
596 _a1 3
999 _a262.1 S21
_wDEWEY
_c34432
_i52603
_d34432
_f2021-11-10
_g5
_lCCODEBUL1
_mBUL
_p7.00
_q1
_r0
_sY
_tBOOK
_u2015-6-24
_xTEOLOGIA
_PP35
_0COMPRA
_o.STAFF. Colección General
999 _a262.1 S21 2002
_wDEWEY
_c1
_iFJ09244
_d2019-5-31
_e2019-5-3
_f2022-2-4
_g4
_lCCODEBUJ1
_mBUJ
_n3
_p7.00
_q7
_r0
_sY
_tBOOK
_u2017-11-17
_xBIBLIOTECA
_zUNKNOWN
_0COMPRA
_o.STAFF. Colección General Juliaca
980 _81
_gALBERTO SANCHEZ Responsable de Automatización